Retention abuse (Record no. 73182)
[ view plain ]
| 000 -LEADER | |
|---|---|
| fixed length control field | 00899cam a2200205 4500 |
| 001 - CONTROL NUMBER | |
| control field | WB3930-01 |
| 008 - FIXED-LENGTH DATA ELEMENTS--GENERAL INFORMATION | |
| fixed length control field | 030807n2003 000 0 eng u |
| 035 ## - SYSTEM CONTROL NUMBER | |
| System control number | (Sirsi) u123223 |
| 245 ## - TITLE STATEMENT | |
| Title | Retention abuse |
| 260 ## - PUBLICATION, DISTRIBUTION, ETC. | |
| Date of publication, distribution, etc. | 2003 |
| 490 ## - SERIES STATEMENT | |
| Series statement | Construction News |
| Volume/sequential designation | (6828) 7 August 2003, 2 (1) |
| 520 ## - SUMMARY, ETC. | |
| Summary, etc. | The National Specialist Contractors Council's (NSCC) latest trade survey reveals that retention abuse is the most frequently reported contractual malpractice, with 80% of firms highlighting it as a problem. The survey also looks at labour availability, workload, forward planning, tender prices and contracts in use. NSCC's "State of trade survey" available from www.nscc.org.uk/nsccnews.htm. |
| 590 ## - LOCAL NOTE (RLIN) | |
| Local note | WB |
| 650 ## - SUBJECT ADDED ENTRY--TOPICAL TERM | |
| Topical term or geographic name entry element | TRADE CONTRACTORS |
| 650 ## - SUBJECT ADDED ENTRY--TOPICAL TERM | |
| Topical term or geographic name entry element | RETENTIONS |
| 650 ## - SUBJECT ADDED ENTRY--TOPICAL TERM | |
| Topical term or geographic name entry element | CONTRACTUAL DISPUTES |
| 650 ## - SUBJECT ADDED ENTRY--TOPICAL TERM | |
| Topical term or geographic name entry element | NSCC STATE OF TRADE SURVEY |
| 690 ## - LOCAL SUBJECT ADDED ENTRY--TOPICAL TERM (OCLC, RLIN) | |
| Topical term or geographic name as entry element | BUILT ENVIRONMENT |
| 942 ## - ADDED ENTRY ELEMENTS (KOHA) | |
| Suppress in OPAC | 0 |
| Withdrawn status | Lost status | Source of classification or shelving scheme | Damaged status | Not for loan | Home library | Current library | Shelving location | Date acquired | Total Checkouts | Full call number | Barcode | Date last seen | Copy number | Price effective from | Koha item type |
|---|---|---|---|---|---|---|---|---|---|---|---|---|---|---|---|
| Dewey Decimal Classification | London | London | News article | 07/08/2003 | WB3930-01 | 123223-1001 | 06/08/2019 | 1 | 06/08/2019 | News article |